Diss Track Targets - Statistics

General Stats
  • This quiz has been taken 50 times
  • The average score is 4 of 10
Answer Stats
Song
Artist
Target
% Correct
Not Like Us Kendrick Lamar Drake
100%
Hit ‘Em Up Tupac Shakur feat. The Outlawz Lil Kim, Mobb Deep, Sean Combs etc.
77%
Killshot Eminem Machine Gun Kelly, P. Diddy
72%
No Vaseline Ice Cube Eazy-E, Dr. Dre, MC Ren, DJ Yella etc.
54%
Bad Blood Taylor Swift Katy Perry
33%
7am on Bridle Path Drake Kanye West
21%
Kill All Rats Griselda 6ix9ine
15%
Funeral Music 50 Cent Cam’ron
8%
Hollaback Girl Gwen Stefani Courtney Love
8%
Get At Me Dog DMX K-Solo, 2Pac
5%
No matching quizzes found
Score Distribution
Percent of People with Each Score
Percentile by Number Answered
Your Score History
You have not taken this quiz